000 01002nam a22002657a 4500
003 OSt
005 20220913102626.0
007 ta
008 210202b2020 dr ||||| |||| 00| p spa d
020 _a9789945914993
040 _aDO-SdBNP
_bspa
_cBNPHU
082 4 _aRD861.5
_bM953r
_222
245 0 0 _aMujeres de roca y tinta ¡por un mundo de letras! :
_bsororidad poesìa y narrativa /
_ccuidado de edición, Leibi NG y Máxima Hernández.
260 _aSanto Domingo :
_bPoetas de la Era,
_c2020.
300 _a208 p. :
_bil. ;
_c24 cm
590 _aInventariado, 2021 / DG
650 4 _aPoesía dominicana
_vColecciones
650 4 _aCuentos dominicanos
_vColecciones
_9146
650 4 _aLiteratura dominicana
_vColecciones
_97123
700 _aNG, Leibi, Hernàndez, Màxima
_eCuidado de la Edicòn
_977723
700 _aMedina, Ludwig S.
_eDiagramaciòn
_977724
700 _aLamarche, Rosa Esther
_eImagen de portada
_977725
910 _aInventariado, 2021 /DG. Validado 2022 MFF
942 _2ddc
_cLBS1
999 _c49350
_d49350